Metodologická východiska ekonomie a metodologie použitá v monografii

Enregistré dans:
Détails bibliographiques
Auteur principal: Nedomlelová, Iva
Format: Chapitre de livre
Langue:tchèque
Tags: Ajouter un tag
Pas de tags, Soyez le premier à ajouter un tag!

MARC

LEADER 00000naa$a2200000$$$4500
001 0149366
005 20220725092245.4
041 0 |a cze 
044 |a CZ 
245 1 0 |a Metodologická východiska ekonomie a metodologie použitá v monografii  |c Iva Nedomlelová 
100 1 |a Nedomlelová, Iva